00354 a2200133 450000100060000002000150000604000370002110000220005824000490008024500440012930000070017336200090018065000310018971399 a8598553069 cAnchieta - Colégio São Paulo aCedraz, Antônio10aLendas e mistérios da Turma do Xaxadolpor10aLendas e mistérios da Turma do Xaxado a470 a2005 4aLiteratura infanto-juvenil